000 00565nam a22001577a 4500
003 NUST
038 _aNusrat Nadeem
082 _a200
100 _aLiaquat, Salman
_9130690
245 _aIn-Memory Computing using DRAM for Enhanced Performance and Energy Efficiency in Post-Von Neumann Computing Architectures/
_cSalman Liaquat,
264 _aIslamabad:
_bSEECS NUST.
_c2025.
650 _aMS-Electrical Engineering
_923567
700 _aSupervisor: Dr. Muhammad Imran
_9114423
856 _uhttp://10.250.8.41:8080/xmlui/handle/123456789/55040
942 _2ddc
_cSC
999 _c614859
_d614859